1530 1847 1439 1110 1427 1083 1584 1965 1468 1510 1247 1631 1197 1646 1114 1752 1377 1290 1307 1342 1444 1446 1509 1247 1698 1698 1942 1226 1523 1225 1875 1281 1575 1067 1972 1616 1837 1444 1473 1323 1449 1116 1349 1530 1214 1509 1732 1340 1361 1189 1818 1749 1868 1000 1884 1512 1344 1723 1972 1565 1008 1275 1865 1047 1023 1559 1041 1496 1500 1249 1820 1717 1390 1858 1692 1547 1497 1440 1437 1588 1724 1301 1455 1674 1292 1339 1685 1276 1494 1435 1556 1887 1803 1415 1814 1700 1149 1301 1797 BCNSPRNW ULIB Ver.6.0+V

เปลี่ยนเป็นภาษาไทย

Change to English
 แสดงรายละเอียดบรรณานุกรม
  กลับหน้าหลัก

Brief Record : Get Marc (ISO 2709) : E-mail record : QR code < ปิดหน้าต่าง
LEADER : 00000nam 2200000uu 4500
001    13399111122
003     ULIB
008    110616s||||||||th 000 0 tha d
020    9745155682
060  4 WU29^bต125 2547
110 1  กองทันตสาธารณสุข กรมอนามัย กระทรวงสาธารณสุข
245 00 ต้นแบบการบูรณาการจัดบริการสุขภาพช่องปากในหน่วยบริการปฐมภูมิ:^nกรณีศึกษา 3 พื้นที่^cบรรณาธิการโดยสุณี วงคงคาเทพ และคนอื่นๆ
260    นนทบุรี:^bกองทันตสาธารณสุข กรมอนามัย กระทรวงสาธารณสุข, 2547
300    119 หน้า
650  7 ทันตสาธารณสุข
650  7 สุขภาพช่องปาก
650  7 ช่องปาก^xการดูแล
945    ^p0^l0^i016517
995    เกษร
999 ^a ใช้งานได้ทุกระบบ
รายการนี้ยังไม่มีแท็ก
คุณยังไม่ได้ล็อกอิน คุณสามารถมีกิจกรรมร่วมกับเว็บไซต์ได้ แต่ต้องล็อกอินก่อน ::
  ล็อกอิน

รายการสื่อสารสนเทศ

ลำดับที่ ประเภท เลขเรียก/บาร์โค้ด สถานที่ สถานะ
- ไม่พบข้อมูล -

รายการใกล้เคียง
    หัวเรื่อง [ทันตสาธารณสุข]
    หัวเรื่อง [สุขภาพช่องปาก]

BibComment


ยังไม่เคยถูกคอมเมนท์

คอมเมนท์ทรัพยากรรายการนี้
  คอมเมนท์: ต้นแบบการบูรณาการ..


 Copyright 2026. Bcnsprnw @Library